| 000 | | | 04018cbm0a2200277#x 450 |
| 001 | | | d3840ffc-42bb-4421-8339-854acec5d928 |
| 005 | | | 20221216142101.0 |
| 100 | ## | $a | 20221214j19421027k###0rusy50 ca |
| 101 | 2# | $a | rus |
| 102 | ## | $a | RU |
| 105 | ## | $a | y###z######## |
| 122 | 0# | $a | d19421027## |
| 200 | 1# | $a | Схема разведывательной сводки штаба партизанского движения |
| | $j | 27 октября 1942 г. |
| 251 | ## | $c | Документ |
| 300 | ## | $a | Подлинник |
| 461 | #0 | $1 | 2001 |
| | $a | Ф. 69 |
| | $1 | 251 |
| | $c | Фонд |
| | $1 | 852 |
| | $j | 69 |
| 462 | #0 | $1 | 2001 |
| | $a | Оп. 1 |
| | $1 | 251 |
| | $c | Опись |
| | $1 | 852 |
| | $j | 1 |
| 462 | #0 | $1 | 2001 |
| | $a | Д. 4 |
| | $v | Л. 96-96об. |
| | $1 | 251 |
| | $c | Дело |
| | $1 | 852 |
| | $j | 4 |
| 605 | ## | $2 | prlib_sh |
| | $3 | LIBNET\UAF\0000088514 |
| | $a | Вторая мировая война в архивных документах (Комплекс оцифрованных архивных документов, кино- и фотоматериалов) |
| | $l | коллекция |
| 606 | 1# | $2 | nlr_sh |
| | $3 | RU\NLR\AUTH\66111865 |
| | $a | Великая Отечественная война |
| | $z | 1941 - 1945 |
| | $x | Партизанское движение |
| | $j | Документы и материалы |
| 686 | ## | $a | 63.3(2)622,5ю11 |
| | $v | LBC/M |
| | $2 | rubbk |
| 801 | #0 | $a | RU |
| | $b | ПБ им. Б.Н. Ельцина |
| | $c | 20221214 |
| 801 | #1 | $a | RU |
| | $b | ПБ им. Б.Н. Ельцина |
| | $c | 20221214 |
| | $2 | rusmarc |
| 801 | #2 | $a | RU |
| | $b | ПБ им. Б.Н. Ельцина |
| | $c | 20221216 |
| | $2 | rusmarc |
| 850 | ## | $a | Российский государственный архив социально-политической истории |
| 852 | ## | $a | РГАСПИ |
| | $j | Л. 96-96об. |
| 035 | ## | $a | LIBNET\0001296849 |
| 937 | ## | $d | 181530510 |
| | $h | Федеральное архивное агентство |
| 856 | 4# | $u | http://readingroom.main.prlib.ru/item.aspx?id_node=n181530510&mode=full |